Tìm hiểu thế giới nghệ thuật thơ Nôm truyền tụng Hồ Xuân Hương
v.v...
Đã lưu trong:
| Tác giả chính: | |
|---|---|
| Định dạng: | Sách |
| Năm xuất bản: |
H.
Văn học
2004
|
| Chủ đề: | |
| Tags: |
Thêm thẻ
Không có thẻ, Hãy là người đầu tiên gắn thẻ bản ghi này!
|
| LEADER | 03826nam a2200409 4500 | ||
|---|---|---|---|
| 082 | |a 895.9221009 |b TR501X | ||
| 100 | |a Trương Xuân Tiếu | ||
| 245 | |a Tìm hiểu thế giới nghệ thuật thơ Nôm truyền tụng Hồ Xuân Hương |c Trương Xuân Tiếu | ||
| 260 | |a H. |b Văn học |c 2004 | ||
| 300 | |a 291 tr. |c 21 cm | ||
| 520 | |a v.v... | ||
| 653 | |a Văn học | ||
| 653 | |a Việt Nam | ||
| 653 | |a Thơ Nôm | ||
| 653 | |a Phê bình văn học | ||
| 942 | |2 ddc |c STK0 | ||
| 999 | |c 3120 |d 3120 | ||
| 952 | |0 0 |1 0 |2 ddc |4 0 |6 895_922100900000000_TR501X |7 1 |8 800 |9 35268 |a qbu |b qbu |c D5 |d 2014-12-15 |g 36000 |o 895.9221009 TR501X |p 3482.c1 |r 0000-00-00 |w 2014-12-15 |y STK0 | ||
| 952 | |0 0 |1 0 |2 ddc |4 0 |6 895_922100900000000_TR501X |7 0 |8 800 |9 35269 |a qbu |b qbu |c D5 |d 2014-12-15 |g 36000 |o 895.9221009 TR501X |p 3482.c2 |r 0000-00-00 |w 2014-12-15 |y STK0 | ||
| 952 | |0 0 |1 0 |2 ddc |4 0 |6 895_922100900000000_TR501X |7 0 |8 800 |9 35270 |a qbu |b qbu |c D5 |d 2014-12-15 |g 36000 |o 895.9221009 TR501X |p 3482.c3 |r 0000-00-00 |w 2014-12-15 |y STK0 | ||
| 952 | |0 0 |1 0 |2 ddc |4 0 |6 895_922100900000000_TR501X |7 0 |8 800 |9 35271 |a qbu |b qbu |c D5 |d 2014-12-15 |g 36000 |o 895.9221009 TR501X |p 3482.c4 |r 0000-00-00 |w 2014-12-15 |y STK0 | ||
| 952 | |0 0 |1 0 |2 ddc |4 0 |6 895_922100900000000_TR501X |7 0 |8 800 |9 35272 |a qbu |b qbu |c D5 |d 2014-12-15 |g 36000 |o 895.9221009 TR501X |p 3482.c5 |r 0000-00-00 |w 2014-12-15 |y STK0 | ||
| 952 | |0 0 |1 0 |2 ddc |4 0 |6 895_922100900000000_TR501X |7 0 |8 800 |9 35273 |a qbu |b qbu |c D5 |d 2014-12-15 |g 36000 |o 895.9221009 TR501X |p 3482.c6 |r 0000-00-00 |w 2014-12-15 |y STK0 | ||
| 952 | |0 0 |1 0 |2 ddc |4 0 |6 895_922100900000000_TR501X |7 0 |8 800 |9 35274 |a qbu |b qbu |c D5 |d 2014-12-15 |g 36000 |o 895.9221009 TR501X |p 3482.c7 |r 0000-00-00 |w 2014-12-15 |y STK0 | ||
| 952 | |0 0 |1 0 |2 ddc |4 0 |6 895_922100900000000_TR501X |7 0 |8 800 |9 35275 |a qbu |b qbu |c D5 |d 2014-12-15 |g 36000 |l 3 |o 895.9221009 TR501X |p 3482.c8 |r 2018-01-12 |s 2018-01-04 |w 2014-12-15 |y STK0 | ||
| 952 | |0 0 |1 0 |2 ddc |4 0 |6 895_922100900000000_TR501X |7 0 |8 800 |9 35276 |a qbu |b qbu |c D5 |d 2014-12-15 |g 36000 |o 895.9221009 TR501X |p 3482.c9 |r 0000-00-00 |w 2014-12-15 |y STK0 | ||
| 952 | |0 0 |1 0 |2 ddc |4 0 |6 895_922100900000000_TR501X |7 0 |8 800 |9 35277 |a qbu |b qbu |c D5 |d 2014-12-15 |g 36000 |o 895.9221009 TR501X |p 3482.c10 |r 0000-00-00 |w 2014-12-15 |y STK0 | ||
| 952 | |0 0 |1 0 |2 ddc |4 0 |6 895_922100900000000_TR501X |7 0 |8 800 |9 35278 |a qbu |b qbu |c D5 |d 2014-12-15 |g 36000 |o 895.9221009 TR501X |p 3482.c11 |r 0000-00-00 |w 2014-12-15 |y STK0 | ||
| 952 | |0 0 |1 0 |2 ddc |4 0 |6 895_922100900000000_TR501X |7 0 |8 800 |9 35279 |a qbu |b qbu |c D5 |d 2014-12-15 |g 36000 |o 895.9221009 TR501X |p 3482.c12 |r 0000-00-00 |w 2014-12-15 |y STK0 | ||
| 952 | |0 0 |1 0 |2 ddc |4 0 |6 895_922100900000000_TR501X |7 0 |8 800 |9 35280 |a qbu |b qbu |c D5 |d 2014-12-15 |g 36000 |o 895.9221009 TR501X |p 3482.c13 |r 0000-00-00 |w 2014-12-15 |y STK0 | ||
| 952 | |0 0 |1 0 |2 ddc |4 0 |6 895_922100900000000_TR501X |7 0 |8 800 |9 35281 |a qbu |b qbu |c D5 |d 2014-12-15 |g 36000 |l 3 |o 895.9221009 TR501X |p 3482.c14 |r 2018-01-12 |s 2018-01-04 |w 2014-12-15 |y STK0 | ||
| 952 | |0 0 |1 0 |2 ddc |4 0 |6 895_922100900000000_TR501X |7 0 |8 800 |9 35282 |a qbu |b qbu |c D5 |d 2014-12-15 |g 36000 |o 895.9221009 TR501X |p 3482.c15 |r 0000-00-00 |w 2014-12-15 |y STK0 | ||
| 952 | |0 0 |1 0 |2 ddc |4 0 |6 895_922100900000000_TR501X |7 0 |8 800 |9 35283 |a qbu |b qbu |c D5 |d 2014-12-15 |g 36000 |o 895.9221009 TR501X |p 3482.c16 |r 0000-00-00 |w 2014-12-15 |y STK0 | ||
| 952 | |0 0 |1 0 |2 ddc |4 0 |6 895_922100900000000_TR501X |7 0 |8 800 |9 35284 |a qbu |b qbu |c D5 |d 2014-12-15 |g 36000 |o 895.9221009 TR501X |p 3482.c17 |r 0000-00-00 |w 2014-12-15 |y STK0 | ||
| 952 | |0 0 |1 0 |2 ddc |4 0 |6 895_922100900000000_TR501X |7 0 |8 800 |9 35285 |a qbu |b qbu |c D5 |d 2014-12-15 |g 36000 |o 895.9221009 TR501X |p 3482.c18 |r 0000-00-00 |w 2014-12-15 |y STK0 | ||
| 952 | |0 0 |1 0 |2 ddc |4 0 |6 895_922100900000000_TR501X |7 0 |8 800 |9 35286 |a qbu |b qbu |c D5 |d 2014-12-15 |g 36000 |o 895.9221009 TR501X |p 3482.c19 |r 0000-00-00 |w 2014-12-15 |y STK0 | ||
| 952 | |0 0 |1 0 |2 ddc |4 0 |6 895_922100900000000_TR501X |7 0 |8 800 |9 107851 |a qbu |b qbu |c D5 |d 2016-09-27 |g 36000 |l 3 |m 1 |o 895.9221009 TR501X |p 3482.c20 |r 2018-01-18 |s 2018-01-11 |w 2016-09-27 |y STK0 | ||